[Event "Championnat de France - Open D"]
[Site "Belfort - SNPHHUATVS"]
[Date "2010.08.13"]
[Round "4.2"]
[White "Camuzeaux, Jules"]
[Black "Fissore, Alexis"]
[Result "0-1"]
[WhiteElo "1430"]
[BlackElo "1499"]
[PlyCount "76"]
[EventDate "2010.??.??"]

1. e4 c5 2. Nf3 d6 3. Bb5+ Bd7 4. Qe2 Nc6 5. d3 g6 6. Nc3 Bg7 7. Be3 a6 8. Bxc6
Bxc6 9. d4 cxd4 10. Nxd4 Nf6 11. f3 O-O 12. Qd3 Rc8 13. Nce2 Nd7 14. c3 b5 15.
Kf2 Bb7 16. Rag1 Ne5 17. Qc2 Nc4 18. Qc1 Rc7 19. Bg5 Qc8 20. b3 Ne5 21. Qd2 Rd8
22. Ke1 d5 23. Be3 dxe4 24. f4 Nd3+ 25. Kd1 e5 26. fxe5 Bxe5 27. Kc2 Rcd7 28.
Kb1 Rd5 29. Rc1 Nxc1 30. Rxc1 Qc7 31. g3 Qe7 32. Rd1 Bc8 33. Nf4 R5d6 34. Qe2
Qf6 35. Qf2 b4 36. Nfe2 Qxf2 37. Bxf2 bxc3 38. Kc1 Bg4 0-1

[Event "Championnat de France - Open D"]
[Site "Belfort - SNPHHUATVS"]
[Date "2010.08.13"]
[Round "4.3"]
[White "Ottl, Eric"]
[Black "Sauvage, Thierry"]
[Result "1-0"]
[WhiteElo "1410"]
[BlackElo "1466"]
[PlyCount "89"]
[EventDate "2010.??.??"]

1. e4 c6 2. d4 d5 3. e5 Bf5 4. Nf3 e6 5. Be2 Ne7 6. Nh4 Bg6 7. c3 Nd7 8. Nd2 f6
9. Nxg6 Nxg6 10. exf6 Nxf6 11. O-O Bd6 12. Re1 O-O 13. Bg4 Nxg4 14. Qxg4 e5 15.
dxe5 Qe7 16. Nf3 Bxe5 17. Nxe5 Nxe5 18. Qe2 Rae8 19. Bd2 Qd7 20. f4 Ng4 21. Qf3
Nf6 22. Rxe8 Rxe8 23. Be3 a6 24. Bd4 Ne4 25. Be5 Qf5 26. g4 Nd2 27. Qe2 Qc2 28.
Rd1 Nf3+ 29. Qxf3 Qxb2 30. Qf2 Qxc3 31. Rb1 b5 32. Qa7 Re7 33. Qb8+ Kf7 34. Qh8
Qc5+ 35. Kg2 Qc4 36. Qxg7+ Ke8 37. Qg8+ Kd7 38. Rb2 Qe4+ 39. Kh3 Qf3+ 40. Kh4
Qe4 41. Kg5 h6+ 42. Kxh6 Re6+ 43. Kg5 Re8 44. Qf7+ Re7 45. Qf5+ 1-0

[Event "Championnat de France - Open D"]
[Site "Belfort - SNPHHUATVS"]
[Date "2010.08.13"]
[Round "4.4"]
[White "Valentin, Olivier"]
[Black "Finkel, Anne-Sophie"]
[Result "0-1"]
[WhiteElo "1430"]
[BlackElo "1390"]
[PlyCount "90"]
[EventDate "2010.??.??"]

1. e4 e5 2. Nf3 Nc6 3. Bc4 Bc5 4. d3 Nf6 5. Bg5 O-O 6. O-O Be7 7. Nbd2 d6 8. c3
Bg4 9. b4 Nd7 10. Be3 a6 11. a4 Bf6 12. Qb3 Ne7 13. Bg5 Rb8 14. Bxf6 Nxf6 15.
Qa2 b5 16. Bb3 h6 17. h3 Bd7 18. Kh2 Qc8 19. Rg1 Nh5 20. a5 Nf4 21. g4 Nxd3 22.
Rg3 c5 23. Qc2 c4 24. Ba2 Qb7 25. Rf1 Qa7 26. Nb1 Bc6 27. Qe2 Ng6 28. g5 h5 29.
Nfd2 Ngf4 30. Qf3 g6 31. Na3 Qe7 32. Bb1 Ne6 33. Bxd3 cxd3 34. Qxd3 Nxg5 35.
Qe2 Qf6 36. h4 Ne6 37. Qxh5 Kg7 38. Qg4 Rh8 39. h5 Nf4 40. Kg1 Rxh5 41. Nc2
Rbh8 42. f3 Ne2+ 43. Kf2 Nxg3 44. Qxg3 Rh2+ 45. Ke1 Qh4 0-1

[Event "Championnat de France - Open D"]
[Site "Belfort - SNPHHUATVS"]
[Date "2010.08.13"]
[Round "4.5"]
[White "Belluire, Beatrice"]
[Black "Gobbe, David"]
[Result "0-1"]
[WhiteElo "1410"]
[BlackElo "1480"]
[PlyCount "60"]
[EventDate "2010.??.??"]

1. e4 e6 2. d4 d5 3. exd5 exd5 4. Nf3 Nf6 5. Bg5 Be7 6. Be2 O-O 7. O-O Nbd7 8.
Qd3 c5 9. dxc5 Nxc5 10. Qd2 Nce4 11. Qc1 Bg4 12. Bxf6 Bxf6 13. c3 Rc8 14. Nbd2
Qa5 15. Re1 Qb6 16. Nxe4 dxe4 17. Nd2 e3 18. Bxg4 exf2+ 19. Kf1 fxe1=Q+ 20.
Qxe1 Rce8 21. Qf2 Qxb2 22. Re1 Bxc3 23. Rxe8 Rxe8 24. g3 Bxd2 25. Bd7 Qc1+ 26.
Kg2 Be1 27. Qg1 Qd2+ 28. Kh3 Qxd7+ 29. Kh4 Re4+ 30. Kg5 Qg4# 0-1

[Event "Championnat de France - Open D"]
[Site "Belfort - SNPHHUATVS"]
[Date "2010.08.13"]
[Round "4.6"]
[White "Raffaelli, Alain"]
[Black "Santacreu, Antoine"]
[Result "0-1"]
[WhiteElo "1464"]
[BlackElo "1460"]
[PlyCount "98"]
[EventDate "2010.??.??"]

1. e4 e5 2. Bc4 Bc5 3. Nf3 Nc6 4. Nc3 d6 5. h3 Be6 6. Bxe6 fxe6 7. d3 h6 8. O-O
Qd7 9. Nh4 Nge7 10. Be3 Bxe3 11. fxe3 O-O-O 12. Rf7 Rhg8 13. a3 Qe8 14. Qf1 g5
15. Rxe7 Qxe7 16. Nf3 g4 17. hxg4 Rxg4 18. Kf2 Rdg8 19. Ke1 Rxg2 20. Ne2 h5 21.
Kd2 Qf7 22. Kc3 d5 23. Kb3 d4 24. exd4 Nxd4+ 25. Nexd4 exd4 26. Nxd4 Qxf1 27.
Rxf1 h4 28. Rf6 h3 29. Rh6 h2 30. Nf3 Rf2 31. Nxh2 Rgg2 32. Rxe6 Rxh2 33. Kc4
Rxc2+ 34. Kd4 Rxb2 35. Re7 Rb3 36. Ke5 Rxd3 37. Ke6 Rd6+ 38. Kf5 Kd8 39. Rg7
Rh8 40. e5 Rd7 41. Rg6 c5 42. e6 Rdh7 43. Ke5 Rh5+ 44. Kd6 c4 45. Rg7 R5h7 46.
Rg4 Rh6 47. Rxc4 Re8 48. Rb4 Rhxe6+ 49. Kd5 Re5+ 0-1

[Event "Championnat de France - Open D"]
[Site "Belfort - SNPHHUATVS"]
[Date "2010.08.13"]
[Round "4.7"]
[White "Faure, Baptiste"]
[Black "Masson, Sylvain"]
[Result "1-0"]
[WhiteElo "1460"]
[BlackElo "1310"]
[PlyCount "79"]
[EventDate "2010.??.??"]

1. e4 e6 2. d4 d5 3. e5 c5 4. c3 Qb6 5. Nf3 Nc6 6. a3 cxd4 7. cxd4 Nge7 8. b4
Bd7 9. Nc3 Nf5 10. Na4 Qc7 11. Nc5 Bxc5 12. bxc5 O-O 13. Bd3 b6 14. cxb6 Qxb6
15. Bxf5 exf5 16. O-O Rab8 17. Bf4 Be6 18. Qd2 Ne7 19. h4 Rfc8 20. Bg5 Ng6 21.
h5 Nh8 22. h6 g6 23. Bf6 Rc6 24. Qg5 Bd7 25. Be7 f6 26. exf6 Nf7 27. Qh4 Rbc8
28. Ne5 Nxe5 29. dxe5 Kf7 30. Rab1 Qa6 31. Rfd1 Be6 32. Qf4 Rc4 33. Qf3 Qc6 34.
Qe3 Qa4 35. Bd6 Bd7 36. Re1 Re4 37. Qd2 Rxe1+ 38. Qxe1 Qe4 39. Qxe4 dxe4 40.
Rb7 1-0

[Event "Championnat de France - Open D"]
[Site "Belfort - SNPHHUATVS"]
[Date "2010.08.13"]
[Round "4.8"]
[White "Minot, Barbara"]
[Black "Marquet, Didier"]
[Result "1-0"]
[WhiteElo "1406"]
[BlackElo "1488"]
[PlyCount "89"]
[EventDate "2010.??.??"]

1. f4 e6 2. Nf3 Nc6 3. e3 Be7 4. Nc3 d5 5. Bb5 Bd7 6. Bxc6 Bxc6 7. O-O Nf6 8.
b3 Ne4 9. Bb2 Bf6 10. Ne5 O-O 11. Nxe4 dxe4 12. Qg4 Qxd2 13. Nc4 Qd8 14. Rad1
Qe7 15. Bxf6 Qxf6 16. Ne5 Rad8 17. Nxc6 bxc6 18. Rf2 Rxd1+ 19. Qxd1 Rd8 20. Rd2
Rd5 21. c4 Rxd2 22. Qxd2 g6 23. Kf2 Qh4+ 24. Kg1 c5 25. g3 Qe7 26. Qa5 Qd6 27.
Qxa7 Qd1+ 28. Kg2 Qf3+ 29. Kh3 Qf1+ 30. Kh4 h6 31. Qb8+ Kg7 32. Qxc7 g5+ 33.
fxg5 hxg5+ 34. Kxg5 Qf5+ 35. Kh4 Kg6 36. g4 Qf2+ 37. Qg3 Qf6+ 38. Kh3 Qh8+ 39.
Qh4 Qxh4+ 40. Kxh4 f5 41. gxf5+ exf5 42. Kg3 Kf6 43. a4 Ke5 44. Kf2 f4 45. a5
1-0

[Event "Championnat de France - Open D"]
[Site "Belfort - SNPHHUATVS"]
[Date "2010.08.13"]
[Round "4.9"]
[White "Benezra, David"]
[Black "Darpoux, Danielle"]
[Result "1-0"]
[WhiteElo "1400"]
[BlackElo "1480"]
[PlyCount "83"]
[EventDate "2010.??.??"]

1. e4 e5 2. Nf3 Nc6 3. d4 exd4 4. Nxd4 Qf6 5. Nb3 d6 6. Nc3 Bd7 7. Nd5 Qd8 8.
Bg5 f6 9. Be3 Be6 10. Bc4 Bxd5 11. Qxd5 Qd7 12. O-O-O O-O-O 13. Qd2 Nge7 14.
Nd4 d5 15. exd5 Nxd5 16. Nxc6 bxc6 17. Qa5 Qf5 18. Bd3 Qe6 19. Bxa7 g6 20. Rhe1
Qf7 21. c4 Nb4 22. Re3 Bh6 23. Qxb4 Bxe3+ 24. fxe3 Kd7 25. Bxg6+ Ke6 26. Bxf7+
Kxf7 27. Rxd8 Rxd8 28. Qb7 Rd7 29. Qxc6 Re7 30. Bc5 Re5 31. Qxc7+ Kg6 32. a4
Rf5 33. g4 Rf1+ 34. Kc2 Rf2+ 35. Kb3 Rd2 36. a5 Kg5 37. Qf4+ Kg6 38. a6 Rd8 39.
a7 Rc8 40. Qe4+ Kg7 41. a8=Q Rxc5 42. Qa7+ 1-0

[Event "Championnat de France - Open D"]
[Site "Belfort - SNPHHUATVS"]
[Date "2010.08.14"]
[Round "4.10"]
[White "Baillie, Andre"]
[Black "Gehin, Raphael"]
[Result "1-0"]
[WhiteElo "1468"]
[BlackElo "1400"]
[PlyCount "47"]
[EventDate "2010.??.??"]

1. f4 Nf6 2. Nf3 Nc6 3. b3 d6 4. e3 Bg4 5. Bb5 a6 6. Bxc6+ bxc6 7. O-O e5 8.
Qe1 Be7 9. fxe5 Nd5 10. Bb2 Nb4 11. Na3 O-O 12. d4 a5 13. e4 Bxf3 14. Rxf3 dxe5
15. c3 Na6 16. Nc4 exd4 17. Rd1 c5 18. Nxa5 Nb8 19. b4 Bd6 20. a3 Qc8 21. cxd4
cxb4 22. axb4 c6 23. e5 Be7 24. Qc3 1-0

[Event "Championnat de France - Open D"]
[Site "Belfort - SNPHHUATVS"]
[Date "2010.08.14"]
[Round "5.1"]
[White "Finkel, Anne-Sophie"]
[Black "Rambeaux, Solene"]
[Result "1/2-1/2"]
[WhiteElo "1390"]
[BlackElo "1500"]
[PlyCount "85"]
[EventDate "2010.??.??"]

1. e4 c5 2. Nc3 Nc6 3. f4 e6 4. Nf3 a6 5. a4 Rb8 6. Bc4 Nge7 7. Qe2 Qc7 8. d3
d6 9. O-O Qd7 10. Nh4 g6 11. Bd2 Bg7 12. Rac1 Bf6 13. Nf3 O-O 14. e5 dxe5 15.
fxe5 Nxe5 16. Nxe5 Bxe5 17. Qxe5 Qd4+ 18. Qxd4 cxd4 19. Ne2 Nf5 20. Rf4 e5 21.
Rf2 Be6 22. Bxe6 fxe6 23. g4 Ne3 24. Rxf8+ Rxf8 25. Bxe3 dxe3 26. Nc3 Rf2 27.
Ne2 Kg7 28. b3 Kh6 29. d4 Kg5 30. dxe5 Kxg4 31. c4 Kf3 32. Nd4+ Ke4 33. Nxe6
Kd3 34. Nc5+ Kd2 35. Ra1 Rf5 36. Ne4+ Kd3 37. Ng3 Rxe5 38. Rd1+ Kc2 39. Re1 Kd3
40. Kf1 Kd2 41. Re2+ Kc3 42. Ke1 Kxb3 43. Nf1 1/2-1/2

[Event "Championnat de France - Open D"]
[Site "Belfort - SNPHHUATVS"]
[Date "2010.08.14"]
[Round "5.2"]
[White "Fissore, Alexis"]
[Black "Ottl, Eric"]
[Result "1-0"]
[WhiteElo "1499"]
[BlackElo "1410"]
[PlyCount "91"]
[EventDate "2010.??.??"]

1. e4 e5 2. Nf3 Nc6 3. d4 exd4 4. Bc4 Bb4+ 5. c3 dxc3 6. bxc3 Bd6 7. O-O Ne5 8.
Nxe5 Bxe5 9. Qh5 Qe7 10. Ba3 Bd6 11. Bxd6 cxd6 12. Re1 Nf6 13. Qd1 O-O 14. Bd5
Qd8 15. Nd2 Qa5 16. c4 Rb8 17. Nf3 Qc7 18. e5 Nxd5 19. cxd5 dxe5 20. d6 Qd8 21.
Rxe5 Re8 22. Qe2 Kf8 23. Re1 Rxe5 24. Qxe5 b5 25. Qh5 h6 26. Re7 Qxe7 27. dxe7+
Ke8 28. Ne5 Kxe7 29. Qxf7+ Kd6 30. Qf4 Rb6 31. Nc4+ Kc6 32. Nxb6 Kxb6 33. Qd4+
Kb7 34. Qxg7 a5 35. Qxh6 Kc7 36. g4 d6 37. g5 Bb7 38. g6 Bd5 39. Qd2 Bg8 40.
Qxa5+ Kd7 41. Qxb5+ Ke7 42. Qb2 Kf8 43. a4 Bd5 44. a5 Bc6 45. Qf6+ Ke8 46. Qe6+
1-0

[Event "Championnat de France - Open D"]
[Site "Belfort - SNPHHUATVS"]
[Date "2010.08.14"]
[Round "5.3"]
[White "Gobbe, David"]
[Black "Faure, Baptiste"]
[Result "1/2-1/2"]
[WhiteElo "1480"]
[BlackElo "1460"]
[PlyCount "67"]
[EventDate "2010.??.??"]

1. e4 c5 2. d4 cxd4 3. c3 dxc3 4. Nxc3 d6 5. Nf3 Nc6 6. Bc4 Bd7 7. O-O g6 8.
Qe2 Bg7 9. Rd1 Rc8 10. Bb3 Nf6 11. e5 dxe5 12. Nxe5 Nxe5 13. Qxe5 O-O 14. Ba4
Qc7 15. Qxc7 Rxc7 16. Bf4 Bxa4 17. Bxc7 Bxd1 18. Rxd1 Rc8 19. Rd8+ Rxd8 20.
Bxd8 Kf8 21. Nb5 a6 22. Nc7 Ne4 23. f3 Nc5 24. b3 Nd3 25. a4 Nc5 26. Nd5 e6 27.
Be7+ Ke8 28. Bxc5 exd5 29. Kf1 Kd7 30. Ke2 Kc6 31. Bb4 Be5 32. h3 Bd6 33. Bc3
Kc5 34. Kd3 1/2-1/2

[Event "Championnat de France - Open D"]
[Site "Belfort - SNPHHUATVS"]
[Date "2010.08.14"]
[Round "5.4"]
[White "Santacreu, Antoine"]
[Black "Baillie, Andre"]
[Result "0-1"]
[WhiteElo "1460"]
[BlackElo "1468"]
[PlyCount "50"]
[EventDate "2010.??.??"]

1. e4 c6 2. Nf3 d5 3. exd5 cxd5 4. d4 Nf6 5. Nc3 e6 6. Bg5 Bb4 7. Bxf6 Qxf6 8.
a3 Bxc3+ 9. bxc3 O-O 10. Be2 Nc6 11. O-O e5 12. dxe5 Nxe5 13. Qxd5 Nxf3+ 14.
Qxf3 Qxf3 15. Bxf3 Rb8 16. Rab1 b6 17. c4 Bf5 18. Rb2 Rfe8 19. c3 Bd3 20. Rd1
Bxc4 21. g3 Rbd8 22. Rbd2 Rxd2 23. Rxd2 Re1+ 24. Kg2 Bf1+ 25. Kg1 Bh3# 0-1

[Event "Championnat de France - Open D"]
[Site "Belfort - SNPHHUATVS"]
[Date "2010.08.14"]
[Round "5.5"]
[White "Sauvage, Thierry"]
[Black "Benezra, David"]
[Result "1/2-1/2"]
[WhiteElo "1466"]
[BlackElo "1400"]
[PlyCount "46"]
[EventDate "2010.??.??"]

1. e4 c5 2. Nf3 e6 3. c3 d6 4. d4 Nf6 5. Qc2 Nbd7 6. Be2 Qc7 7. Qd3 g6 8. O-O
Bg7 9. Bg5 O-O 10. Nbd2 e5 11. d5 h5 12. h3 Nh7 13. Bh4 f5 14. exf5 Rxf5 15.
Ne4 Ndf6 16. Bxf6 Nxf6 17. Nh4 Nxe4 18. Nxf5 Bxf5 19. Qe3 Nf6 20. c4 Kh7 21.
Qg5 Rf8 22. f3 Bh6 23. Qh4 a6 1/2-1/2

[Event "Championnat de France - Open D"]
[Site "Belfort - SNPHHUATVS"]
[Date "2010.08.14"]
[Round "5.6"]
[White "Ragon, Philippe"]
[Black "Hatrel, Arnaud"]
[Result "1-0"]
[WhiteElo "1400"]
[BlackElo "1455"]
[PlyCount "47"]
[EventDate "2010.??.??"]

1. Nf3 Nf6 2. b3 e6 3. Bb2 Be7 4. e3 d6 5. d4 c6 6. Bd3 O-O 7. O-O b5 8. Nbd2
d5 9. Ne5 Ba6 10. a4 b4 11. Bxa6 Nxa6 12. Nxc6 Qd6 13. Nxe7+ Qxe7 14. Qe2 Qb7
15. c3 Rac8 16. cxb4 Rfe8 17. b5 Nb4 18. Rac1 Rc2 19. Rxc2 Nxc2 20. Nf3 Rc8 21.
Rc1 Nb4 22. Rxc8+ Qxc8 23. Ba3 Nc2 24. Bc5 1-0

[Event "Championnat de France - Open D"]
[Site "Belfort - SNPHHUATVS"]
[Date "2010.08.14"]
[Round "5.7"]
[White "Karsenty, Madeleine"]
[Black "Minot, Barbara"]
[Result "0-1"]
[WhiteElo "1436"]
[BlackElo "1406"]
[PlyCount "153"]
[EventDate "2010.??.??"]

1. d4 g6 2. Nf3 Bg7 3. c3 Nf6 4. Bg5 d5 5. e3 a6 6. Nbd2 Nbd7 7. Bd3 b5 8. O-O
c5 9. Qe2 Bb7 10. e4 c4 11. Bc2 O-O 12. exd5 Bxd5 13. Rfe1 e6 14. b3 Qc7 15.
Ne4 Ng4 16. h3 Nh6 17. Qd2 Nf5 18. Bf4 Qc6 19. Ne5 Nxe5 20. Bxe5 f6 21. Bh2 Nh4
22. Qf4 g5 23. Qd6 Qb7 24. Qc7 Qxc7 25. Bxc7 f5 26. Nxg5 Rae8 27. Bd6 Rf6 28.
g3 Nf3+ 29. Nxf3 Bxf3 30. Be5 Rh6 31. h4 Bd5 32. Bxg7 Kxg7 33. Bxf5 Rf6 34. Be4
Kf7 35. Bxh7 Rf3 36. Rac1 cxb3 37. axb3 Bxb3 38. Be4 Rf6 39. Bb7 a5 40. Bc6 Rb8
41. f4 Bc4 42. Re5 a4 43. Ra1 Rb6 44. Rc5 Rg6 45. Kf2 Rg8 46. Bf3 Bb3 47. Bh5+
Kf6 48. Bd1 Bxd1 49. Rxd1 a3 50. Ra1 Ra8 51. Ke3 a2 52. Kd3 b4 53. cxb4 Rxb4
54. Rcc1 Ra3+ 55. Rc3 Raa4 56. Rc2 Rxd4+ 57. Kc3 Rac4+ 58. Kb3 Rb4+ 59. Kc3
Rdc4+ 60. Kd3 Rxc2 61. Kxc2 Ra4 62. g4 Ra5 63. Kb2 Kg6 64. Rxa2 Rb5+ 65. Kc3
Rd5 66. Ra6 Kf7 67. Kc4 Rd1 68. Ra3 Rf1 69. f5 exf5 70. gxf5 Rxf5 71. Rh3 Kg6
72. Kd3 Kh5 73. Ke3 Ra5 74. Kf4 Ra4+ 75. Kg3 Ra3+ 76. Kf4 Rxh3 77. Kf5 0-1

[Event "Championnat de France - Open D"]
[Site "Belfort - SNPHHUATVS"]
[Date "2010.08.15"]
[Round "5.9"]
[White "Sonet, Kelly"]
[Black "Roman, Sylvian"]
[Result "1/2-1/2"]
[WhiteElo "1430"]
[BlackElo "1386"]
[PlyCount "115"]
[EventDate "2010.??.??"]

1. d4 Nf6 2. c4 g6 3. Nc3 Bg7 4. Nf3 d6 5. Bg5 h6 6. Bh4 g5 7. Bg3 Nh5 8. e4
O-O 9. Be2 Nd7 10. O-O Nxg3 11. hxg3 e5 12. d5 Nf6 13. Nh2 Re8 14. f4 exf4 15.
gxf4 Nxe4 16. Nxe4 Rxe4 17. fxg5 Qxg5 18. Nf3 Qe3+ 19. Rf2 Bg4 20. Bd3 Bxf3 21.
Qxf3 Qxf3 22. Rxf3 Re7 23. Raf1 Rae8 24. b4 Bd4+ 25. Kh1 Re5 26. Rh3 Re3 27.
Rhf3 R3e5 28. Rg3+ Rg5 29. Rh3 Kg7 30. Rh4 Re3 31. Rxd4 Reg3 32. Rf2 Rh5+ 33.
Kg1 Re3 34. Rg4+ Rg5 35. Rxg5+ hxg5 36. Bc2 Re1+ 37. Kh2 Re8 38. Rf5 Rh8+ 39.
Kg3 f6 40. Rf3 Rh4 41. Bd3 b5 42. cxb5 Rxb4 43. Re3 Ra4 44. Bb1 Rb4 45. Bd3 Ra4
46. Re2 Ra3 47. Rd2 Rc3 48. Kg4 Rc5 49. Be2 Rc3 50. Kf5 Re3 51. Bf3 Re5+ 52.
Kg4 Re7 53. Rd4 Kg6 54. Be4+ Rxe4+ 55. Rxe4 f5+ 56. Kf3 fxe4+ 57. Kxe4 Kf6 58.
g4 1/2-1/2

[Event "Championnat de France - Open D"]
[Site "Belfort - SNPHHUATVS"]
[Date "2010.08.14"]
[Round "5.10"]
[White "Vasilescu, Viorica"]
[Black "Carre, Pierre-Jean"]
[Result "1/2-1/2"]
[WhiteElo "1428"]
[BlackElo "1310"]
[PlyCount "96"]
[EventDate "2010.??.??"]

1. c4 c5 2. Nc3 Nc6 3. Nf3 Nf6 4. g3 e6 5. d3 Be7 6. Bg2 O-O 7. O-O d6 8. a3
Bd7 9. Rb1 b6 10. b4 cxb4 11. axb4 Rc8 12. b5 Nb8 13. Bd2 d5 14. cxd5 exd5 15.
Ne5 d4 16. Ne4 Nxe4 17. Bxe4 Rc5 18. Nxd7 Qxd7 19. Bb4 Rxb5 20. Bxe7 Rxb1 21.
Qxb1 Qxe7 22. Qb3 Nd7 23. Bf3 Nc5 24. Qb4 Qf6 25. Qc4 a5 26. Qb5 g6 27. Rb1 Rb8
28. Bd5 h5 29. Ra1 Qd8 30. Qc4 Qe8 31. Qxd4 Qxe2 32. Qc4 Qe8 33. d4 Ne6 34. Bc6
Qd8 35. d5 Nc5 36. Rd1 Qd6 37. Qb5 Ne4 38. Re1 Nf6 39. Rd1 Qb4 40. d6 Qxb5 41.
Bxb5 Rd8 42. d7 Kf8 43. Rd6 Ke7 44. Rxb6 Nxd7 45. Ra6 Nf6 46. Rxa5 Rd5 47. Ra7+
Kf8 48. Bc4 Rd7 1/2-1/2

[Event "Championnat de France - Open D"]
[Site "Belfort - SNPHHUATVS"]
[Date "2010.08.15"]
[Round "6.1"]
[White "Rambeaux, Solene"]
[Black "Fissore, Alexis"]
[Result "0-1"]
[WhiteElo "1500"]
[BlackElo "1499"]
[PlyCount "88"]
[EventDate "2010.??.??"]

1. d4 c5 2. c3 cxd4 3. cxd4 Nf6 4. Nf3 g6 5. Bf4 Bg7 6. Nbd2 Nc6 7. e3 O-O 8.
Be2 Nh5 9. Bg3 d6 10. Ng5 Nxg3 11. hxg3 h6 12. Nge4 e6 13. g4 d5 14. Ng3 e5 15.
Nb3 Re8 16. f3 exd4 17. exd4 Qd6 18. Kf2 Qf4 19. Bb5 Bd7 20. Bxc6 Bxc6 21. Qd3
a6 22. Rhe1 Bb5 23. Ne2 Rxe2+ 24. Qxe2 Bxe2 25. Rxe2 Rc8 26. Rd1 Qb8 27. Rde1
Bf6 28. g3 Kg7 29. Kg2 Rc4 30. Rd1 Qc8 31. Rdd2 b6 32. Rf2 a5 33. Rfe2 a4 34.
Na1 Rxd4 35. Rxd4 Bxd4 36. Rd2 Qc5 37. Rd1 Be3 38. f4 d4 39. Kf3 Qd5+ 40. Ke2
Qg2+ 41. Kd3 Qxg3 42. Nc2 Qxg4 43. Nxe3 dxe3 44. Kxe3 Qxd1 0-1

[Event "Championnat de France - Open D"]
[Site "Belfort - SNPHHUATVS"]
[Date "2010.08.15"]
[Round "6.2"]
[White "Faure, Baptiste"]
[Black "Finkel, Anne-Sophie"]
[Result "1-0"]
[WhiteElo "1460"]
[BlackElo "1390"]
[PlyCount "81"]
[EventDate "2010.??.??"]

1. Nf3 d5 2. d4 Nc6 3. c4 Bf5 4. cxd5 Qxd5 5. Nc3 Qd7 6. e4 Bg4 7. d5 Nb4 8. a3
Na6 9. Bb5 c6 10. dxc6 Qxd1+ 11. Nxd1 O-O-O 12. cxb7+ Kxb7 13. Bxa6+ Kxa6 14.
O-O Nf6 15. Nc3 Bxf3 16. gxf3 g6 17. Be3 Bg7 18. Na4 Nd7 19. Rfd1 Kb5 20. Nc3+
Bxc3 21. bxc3 Nb6 22. Bd4 Rhe8 23. Rdb1+ Ka6 24. Rb4 e5 25. Bxb6 axb6 26. Rab1
Re6 27. c4 Rc8 28. Rd1 Rc5 29. Rd7 Rf6 30. Ra4+ Ra5 31. Rxa5+ bxa5 32. Kg2 Kb6
33. Re7 a4 34. Rxe5 h6 35. h4 Re6 36. Rd5 Rf6 37. Kg3 h5 38. e5 Rf5 39. f4 f6
40. Rd6+ Kc5 41. Rxf6 1-0

[Event "Championnat de France - Open D"]
[Site "Belfort - SNPHHUATVS"]
[Date "2010.08.15"]
[Round "6.3"]
[White "Minot, Barbara"]
[Black "Gobbe, David"]
[Result "0-1"]
[WhiteElo "1406"]
[BlackElo "1480"]
[PlyCount "88"]
[EventDate "2010.??.??"]

1. f4 e5 2. fxe5 d6 3. exd6 Bxd6 4. Nf3 g5 5. g3 g4 6. Nh4 Be7 7. Ng2 h5 8. d4
h4 9. Qd3 hxg3 10. Bf4 gxh2 11. Bxh2 Bh4+ 12. Bg3 Bxg3+ 13. Qxg3 Rxh1 14. e3
Qf6 15. Nd2 Rh3 16. Qxc7 Ne7 17. O-O-O Qb6 18. Qe5 Nbc6 19. Bb5 Bd7 20. Bxc6
Qxc6 21. d5 Qxd5 22. Qxd5 Nxd5 23. Ne4 Nxe3 24. Nxe3 Rxe3 25. Nf6+ Ke7 26. Nxd7
Rd8 27. Nc5 Rxd1+ 28. Kxd1 g3 29. Kd2 g2 30. Kxe3 g1=Q+ 31. Kd3 Qxc5 32. c3 Qe5
33. a3 f5 34. Kc4 f4 35. Kb4 a5+ 36. Ka4 f3 37. c4 f2 38. c5 f1=Q 39. b4 axb4
40. axb4 Qa6+ 41. Kb3 Qd5+ 42. Kb2 Qa4 43. c6 Qab3+ 44. Kc1 Qa2 0-1

[Event "Championnat de France - Open D"]
[Site "Belfort - SNPHHUATVS"]
[Date "2010.08.15"]
[Round "6.4"]
[White "Baillie, Andre"]
[Black "Ottl, Eric"]
[Result "0-1"]
[WhiteElo "1468"]
[BlackElo "1410"]
[PlyCount "56"]
[EventDate "2010.??.??"]

1. f4 d5 2. Nf3 Nf6 3. e3 Bg4 4. h3 Bxf3 5. Qxf3 Nbd7 6. g4 e5 7. g5 e4 8. Qe2
Ng8 9. Nc3 c6 10. b3 Bb4 11. Bb2 Ne7 12. Qg2 Nf5 13. Qg4 Nxe3 14. dxe3 Qa5 15.
Kd2 d4 16. exd4 e3+ 17. Kxe3 Bxc3 18. b4 Qxb4 19. Bxc3 Qxc3+ 20. Bd3 O-O-O 21.
f5 Rhe8+ 22. Kf3 Qd2 23. Kg3 Re3+ 24. Kh4 Qf2+ 25. Kh5 g6+ 26. fxg6 hxg6+ 27.
Kh6 Rh8+ 28. Kg7 Ree8 0-1

[Event "Championnat de France - Open D"]
[Site "Belfort - SNPHHUATVS"]
[Date "2010.08.15"]
[Round "6.5"]
[White "Ragon, Philippe"]
[Black "Camuzeaux, Jules"]
[Result "1-0"]
[WhiteElo "1400"]
[BlackElo "1430"]
[PlyCount "95"]
[EventDate "2010.??.??"]

1. Nf3 d5 2. b3 Bf5 3. Bb2 Nf6 4. e3 c5 5. Bb5+ Bd7 6. Qe2 Qb6 7. Bxd7+ Nbxd7
8. Ne5 e6 9. Nxd7 Nxd7 10. g4 c4 11. Bd4 Qc6 12. f4 f6 13. Rg1 Be7 14. g5 e5
15. gxf6 Bxf6 16. fxe5 Bxe5 17. Bxe5 Nxe5 18. Qh5+ Ng6 19. Nc3 O-O-O 20. Rg5
Rhf8 21. Rxd5 Rxd5 22. Qxd5 Qf6 23. Qxc4+ Kb8 24. O-O-O Ne5 25. Qe4 g6 26. Kb1
Rc8 27. Qf4 Qe6 28. Rg1 Ka8 29. Rg5 Nd7 30. Rd5 Rf8 31. Qd6 Qxd6 32. Rxd6 Ne5
33. Ne4 Kb8 34. Re6 Ng4 35. h3 Nh6 36. Re7 Nf7 37. h4 Kc8 38. Nc5 Nd6 39. Rxh7
Rf2 40. Kc1 b6 41. Rh8+ Kc7 42. Ne6+ Kc6 43. Nf4 Ne4 44. d3 g5 45. Nh3 Rf1+ 46.
Kb2 g4 47. Nf4 Nf6 48. Rh6 1-0

[Event "Championnat de France - Open D"]
[Site "Belfort - SNPHHUATVS"]
[Date "2010.08.15"]
[Round "6.6"]
[White "Raffaelli, Alain"]
[Black "Delzant, Pierre-Richard"]
[Result "1/2-1/2"]
[WhiteElo "1464"]
[BlackElo "1380"]
[PlyCount "120"]
[EventDate "2010.??.??"]

1. e4 e6 2. Nc3 d5 3. d3 d4 4. Nce2 c5 5. Nf3 Nc6 6. c3 dxc3 7. Nxc3 Bd6 8. Ng5
Qc7 9. Nb5 Qd7 10. Nxd6+ Qxd6 11. Qh5 Qe7 12. Qd1 h6 13. Nf3 e5 14. Be2 Nf6 15.
O-O O-O 16. h3 Rd8 17. Qc2 Qd6 18. Nh4 Nb4 19. Qd1 Nxd3 20. Nf5 Bxf5 21. exf5
Nxc1 22. Qxc1 Qd2 23. Re1 Qxc1 24. Raxc1 b6 25. Ba6 Re8 26. Rcd1 e4 27. g4 Rad8
28. Rc1 Nd5 29. Bc4 e3 30. Bxd5 exf2+ 31. Kxf2 Rxe1 32. Bxf7+ Kxf7 33. Kxe1 Rd3
34. h4 Rd4 35. g5 Rxh4 36. g6+ Kf6 37. Rc3 Kxf5 38. Ra3 a5 39. Rb3 Rb4 40. Rf3+
Kxg6 41. b3 a4 42. Kd2 axb3 43. axb3 c4 44. bxc4 Rxc4 45. Rb3 Rc6 46. Kd3 Kf6
47. Kd4 g5 48. Kd5 Re6 49. Rh3 Re5+ 50. Kd4 Kf5 51. Rxh6 Re6 52. Rh1 g4 53. Kd5
g3 54. Rh5+ Kf6 55. Rh6+ Kf5 56. Rxe6 Kf4 57. Rf6+ Kg4 58. Rxb6 g2 59. Rg6+ Kh3
60. Rh6+ Kg3 1/2-1/2

[Event "Championnat de France - Open D"]
[Site "Belfort - SNPHHUATVS"]
[Date "2010.08.15"]
[Round "6.7"]
[White "Roman, Sylvian"]
[Black "Sauvage, Thierry"]
[Result "0-1"]
[WhiteElo "1386"]
[BlackElo "1466"]
[PlyCount "122"]
[EventDate "2010.??.??"]

1. e4 c6 2. d4 d5 3. e5 Bf5 4. Nf3 e6 5. Be2 Ne7 6. O-O h6 7. Bf4 Nd7 8. Bd3
Bxd3 9. Qxd3 Ng6 10. Bg3 Be7 11. Nc3 O-O 12. Ne2 c5 13. c3 c4 14. Qc2 b5 15.
Nf4 Nh4 16. Nxh4 Bxh4 17. Nh5 Bxg3 18. fxg3 Qg5 19. Qe2 Rae8 20. h4 Qe7 21. Qe3
Kh7 22. Qf3 Kh8 23. Rae1 f6 24. Nf4 Qf7 25. h5 Kh7 26. Ng6 Rg8 27. g4 Nf8 28.
Nh4 g5 29. Qxf6 Qxf6 30. Rxf6 gxh4 31. Rf7+ Rg7 32. Rf6 Nd7 33. Rf4 Reg8 34.
Ref1 Rxg4 35. Rf7+ R4g7 36. Rxg7+ Rxg7 37. Rf4 h3 38. g4 Re7 39. Kh2 Kg7 40.
Kxh3 Nf8 41. Rf6 Nh7 42. Rg6+ Kf8 43. Rxh6 Ng5+ 44. Kg2 Rf7 45. Rh8+ Kg7 46.
Ra8 Ne4 47. Rb8 Rf2+ 48. Kg1 Rxb2 49. Rb7+ Kh6 50. Rxa7 Nxc3 51. Re7 Ne2+ 52.
Kf1 Nxd4 53. Rf7 Re2 54. Rf6+ Kh7 55. g5 Rxe5 56. Rh6+ Kg7 57. Rg6+ Kf7 58.
Rf6+ Ke7 59. Rg6 Rf5+ 60. Kg2 Nf3 61. Rg7+ Kf8 0-1